1714 1310 1651 1205 1093 1286 1734 1515 1640 1324 1430 1250 1426 1313 1189 1125 1503 1548 1648 1153 1956 1148 1396 1023 1380 1898 1336 1758 1572 1622 1119 1664 1183 1776 1965 1574 1369 1610 1385 1803 1981 1576 1847 1080 1404 1179 1450 1145 1054 1465 1851 1940 1760 1986 1182 1912 1487 1480 1821 1753 1262 1748 1775 1345 1815 1848 1849 1886 1336 1755 1659 1682 1153 1481 1722 1198 1166 1696 1840 1770 1853 1319 1405 1310 1076 1259 1732 1883 1102 1860 1597 1809 1004 1704 1546 1498 1092 1099 1023 BCNSPRNW ULIB Ver.6.0+V

เปลี่ยนเป็นภาษาไทย

Change to English
 แสดงรายละเอียดบรรณานุกรม
  กลับหน้าหลัก

Brief Record : Get Marc (ISO 2709) : E-mail record : QR code < ปิดหน้าต่าง
LEADER : 00000nam 2200000uu 4500
001    13399112001
003     ULIB
008    110719s2552||||th 000 0 tha d
020    6117190063
090    นว.^bอ437จ 2552
100 0   อยุทธ์
245 00  จอมใจแห่งผืนทราย/^cอยุทธ์
250     พิมพ์ครั้งที่ 1
260     กรุงเทพฯ :^bอินเลิฟ,^c2552
300     235 หน้า
945    ^p179^l0^i026034
995     เกษร
999     ^aใช้งานได้ทุกระบบ
รายการนี้ยังไม่มีแท็ก
คุณยังไม่ได้ล็อกอิน คุณสามารถมีกิจกรรมร่วมกับเว็บไซต์ได้ แต่ต้องล็อกอินก่อน ::
  ล็อกอิน

รายการสื่อสารสนเทศ

ลำดับที่ ประเภท เลขเรียก/บาร์โค้ด สถานที่ สถานะ
1. นวนิยาย
นวนิยาย
นว. อ437จ 2552  
  Barcode: 026034
ห้องสมุดวิทยาเขตสวรรค์ประชารักษ์
►นวนิยาย
บนชั้น
  ขอยืม

รายการใกล้เคียง
    ผู้แต่ง [อยุทธ์]

BibComment


ยังไม่เคยถูกคอมเมนท์

คอมเมนท์ทรัพยากรรายการนี้
  คอมเมนท์: จอมใจแห่งผืนทราย..


 Copyright 2026. Bcnsprnw @Library